000 00446nam a2200157 4500
001 45290
090 _a45290
100 _a20251210 pory50
101 _apor
102 _aPT
200 _aColecção de História Natural Desenho Biológico
_eMuseu do mar Rei D. Carlos Cascais
_fil. Nuno Miranda
210 _aCascais
_cCâmara Municipal de Cascais
_d[s.d.]
215 _a1 cx c. 6 il.
_cil.
675 _a59(084)
801 _aPT
_gRPC
990 _cLIVROS